01415nam a2200301 a 4500003000400000005001700004007001500021008004100036040000800077100003600085245022800121264004400349300005900393336002700452337002900479338003900508502003500547504005900582650004400641650004400685650003800729650003800767700003900805856008000844942005600924999001900980952011400999OSt20240226143317.0cr ||||||a|c|a240222s2022 mx a|||fom||| 001 0 spa d erda1 9188835aJuárez Lara, Jonathan10aComportamiento reproductivo de ovejas Pelibuey con inclusión de grasa de sobrepaso a la dieta durante el protocolo de sincronización de estros /cpor Jonathan Juárez Lara ; director de tesis Carlos Sánchez del Real. 1aChapingo, México :bEl autor,c[2022] a1 recurso en línea (70 páginas):bcuadros figuras. 2rdacontentatextobtxt 2rdamediaacomputadorabc 2rdacarrierarecurso en líneabcr bIAEZcZootecníad[2022]gLIC aIncluye referencias bibliográficas: páginas 53-60. 49188836aOvejas pelibueyxAlimentación 49188837aOvejas pelibueyxReproducción 49139266aGanado lanarxFertilidad  79106556aSincronización del celo1 9107464aSánchez del Real, Carlos uhttp://10.13.5.2/tesis/tl/1511276-4_JONATHAN_JUAREZ_LARA.pdfzDESCARGAR PDF 2Clasificación Universidad Autónoma ChapingocTD c219748d219748 00102local4051708TesDigLaBDbBDcE_Ld2024-02-22l0oTesis digitalr2024-02-22 00:00:00w2024-02-22yTD